Castles / (Record no. 112203)
[ view plain ]
| 000 -LEADER | |
|---|---|
| fixed length control field | 00534nam a2200181 a 4500 |
| 001 - CONTROL NUMBER | |
| control field | 4148 |
| 005 - DATE AND TIME OF LATEST TRANSACTION | |
| control field | 20140414131931.0 |
| 008 - FIXED-LENGTH DATA ELEMENTS--GENERAL INFORMATION | |
| fixed length control field | 090331s19uu xx 00 eng d |
| 020 ## - INTERNATIONAL STANDARD BOOK NUMBER | |
| International Standard Book Number | 1-58185-011-5 |
| 050 ## - LIBRARY OF CONGRESS CALL NUMBER | |
| Classification number | REF 355.7 |
| Item number | P31 1998 |
| 100 ## - MAIN ENTRY--PERSONAL NAME | |
| Personal name | Peschke, Hans-Peter von |
| 245 ## - TITLE STATEMENT | |
| Title | Castles / |
| Statement of responsibility, etc | by Hans-Peter von Peschke ; illustrated by Nikolay Smirnov. |
| 260 ## - PUBLICATION, DISTRIBUTION, ETC. (IMPRINT) | |
| Place of publication, distribution, etc | Nuremberg, Germany : |
| Name of publisher, distributor, etc | Tessloff Pub., |
| Date of publication, distribution, etc | c1998. |
| 300 ## - PHYSICAL DESCRIPTION | |
| Extent | 48 p. : col. ill. ; 29 cm. |
| 440 ## - SERIES STATEMENT/ADDED ENTRY--TITLE | |
| Title | Start me up! ; v. 10 |
| Withdrawn status | Lost status | Damaged status | Home library | Current library | Shelving location | Date acquired | Source of acquisition | Total Checkouts | Full call number | Barcode | Date last seen | Price effective from | Koha item type |
|---|---|---|---|---|---|---|---|---|---|---|---|---|---|
| Munich Library | Munich Library | Reference Section | 03/31/2009 | REF 355.7 P31 1998 | M3416 | 04/14/2014 | 04/14/2014 | Books | |||||
| Munich Library | Munich Library | Reference Section | 01/06/2011 | REF 355.7 P31 1998 | M3527 | 04/14/2014 | 04/14/2014 | Books |